000 01902cam a22004694i 4500
003 PE-LiUPU
005 20250731173208.0
008 150625s1924 xxua r 000 0 spa d
035 _a(Sirsi) a31687
040 _aPE-LiUPU
_bspa
_cPE-LiUPU
_erda
082 0 4 _a287.092
_bL541j
_223
100 1 _aLelievre, Mateo,
_eautor.
245 1 0 _aJuan Wesley :
_bsu vida y su obra /
_cMateo Leliévre.
264 1 _aNashville, Tenn. :
_bCasa editorial de la Iglesia Metodista Episcopal del Sur,
_c1924.
300 _a616 páginas ;
_c20 centímetros
336 _atext
_2rdacontent
337 _aunmediated
_2rdamedia
338 _avolume
_2rdacarrier
500 _aTraducido del francés.
505 0 _aPreparación -- Los comienzos de la obra -- Adelantos de la obra -- La tarde de su vida.
526 _aSEG42
526 _aSEG41
526 _aSEG40
526 _aSEG39
526 _aP94
526 _aP87
526 _aP86
526 _aP85
526 _aP77
526 _aP76
526 _aP35
600 1 _aWesley, Juan
_d1703-1791
650 2 4 _aIglesia Metodista
_xClérigos
_vBiografía.
_95470
942 _2ddc
_cBK
949 _wDEWEY
_c1
_i01510
_lCCODEBUL1
_mBUL
_p35.00
_r0
_sY
_tBOOK
_u2015-06-25
_xBIBLIOTECA
_zUNKNOWN
_0COMPRA
_o.STAFF. Colección Teología
949 _a922 L43
_wDEWEY
_c2
_i09740
_lCCODEBUL1
_mBUL
_p35.00
_r0
_sY
_tBOOK
_u2015-06-25
_xBIBLIOTECA
_zUNKNOWN
_0COMPRA
_o.STAFF. Colección Teología
949 _a922 L43
_wDEWEY
_c3
_i31906
_lCCODEBUL1
_mBUL
_p35.00
_r0
_sY
_tBOOK
_u2015-06-25
_xBIBLIOTECA
_zUNKNOWN
_0COMPRA
_o.STAFF. Colección Teología
949 _a922 L43 1924
_wDEWEY
_c1
_iFJ11986
_lCCODEBUJ1
_mBUJ
_p35.00
_r0
_sY
_tBOOK
_u2018-11-12
_xBIBLIOTECA
_zOTRO
_o.STAFF. Colección General Juliaca
980 _81
_gALBERTO SANCHEZ Responsable de Automatización
999 _c39262
_d39262